[Event "Montreal Mercredi 02"]
[Site "Montreal"]
[Date "2007.03.14"]
[Round "4"]
[White "Godin, Patrick"]
[Black "Frangulian, Eric"]
[Result "0-1"]
[WhiteElo "1277"]
[BlackElo "1507"]
[PlyCount "44"]
[EventDate "2007.02.21"]
[EventType "swiss"]
[EventRounds "5"]
[EventCountry "CAN"]
[SourceTitle "EXT 2022"]
[Source "ChessBase"]
[SourceDate "2021.10.06"]
[SourceVersion "1"]
[SourceVersionDate "2021.10.06"]
[SourceQuality "1"]

1. e4 e6 2. d4 d5 3. exd5 exd5 4. Bd3 Nf6 5. Bg5 Be7 6. Nd2 Nc6 7. c3 0-0 8. Qc2 h6 9. Bh4 Nh5 10. Bg3 a5 11. Ne2 Rb8 12. h3 Nxg3 13. Nxg3 Bd6 14. 0-0 Bxg3 15. fxg3 b5 16. Nb3 Qd6 17. Rf3 a4 18. Nc5 Nd8 19. Raf1 Ne6 20. Nxe6 Bxe6 21. Qf2 c6 22. Bh7+ Kxh7 0-1

[Event "Montreal Mercredi 02"]
[Site "Montreal"]
[Date "2007.02.21"]
[Round "1"]
[White "Godin, Patrick"]
[Black "Maharisoa, Tantely"]
[Result "1-0"]
[WhiteElo "1277"]
[BlackElo "1584"]
[PlyCount "59"]
[EventDate "2007.02.21"]
[EventType "swiss"]
[EventRounds "5"]
[EventCountry "CAN"]
[SourceTitle "EXT 2022"]
[Source "ChessBase"]
[SourceDate "2021.10.06"]
[SourceVersion "1"]
[SourceVersionDate "2021.10.06"]
[SourceQuality "1"]

1. e4 c5 2. Nf3 Nc6 3. d4 cxd4 4. Nxd4 e6 5. Nc3 a6 6. a3 Qc7 7. Be3 Nf6 8. f3 Ne5 9. g4 Nc4 10. Bxc4 Qxc4 11. g5 Nh5 12. f4 g6 13. Qe2 Qc7 14. f5 b5 15. Rf1 Bd6 16. fxg6 hxg6 17. Qf3 0-0 18. e5 Bc5 19. 0-0-0 Bb7 20. Qg4 Bxa3 21. Rd3 Be7 22. Bf4 d5 23. Rh3 Kg7 24. Rxh5 gxh5 25. Qxh5 Rh8 26. Qg4 Bc5 27. g6 Bxd4 28. gxf7+ Kxf7 29. Bg5+ Ke8 30. Qxe6+ 1-0